LEADER 01008nam a2200277 i 4500 001 991001301179707536 005 20020502190434.0 008 000622s|||| it ||| | ita 020 $a884641912X 035 $ab11492818-39ule_inst 035 $aPRUMB58427$9ExL 040 $aDip. SSSC$bita 082 0 $a371. 100 1 $aBondioli, Anna$0160210 245 10$aManuale di valutazione del contesto educativo :$bteorie, modelli, studi /$ca cura di Anna Bondioli e Monica Ferrari 260 $aMilano :$bFranco Angeli,$cc2000 300 $a396 p. ;$c23 cm. 490 0 $aCondizionamenti educativi ;$v51 650 4$aValutazione scolastica 700 1 $aFerrari, Monica 907 $a.b11492818$b01-03-17$c01-07-02 912 $a991001301179707536 945 $aLE021 DI9C43$g1$i2021000042362$lle021$o-$pE0.00$q-$rl$s- $t0$u7$v0$w7$x0$y.i11685335$z01-07-02 996 $aManuale di valutazione del contesto educativo$9813143 997 $aUNISALENTO 998 $ale021$b01-01-00$cm$da $e-$fita$git $h0$i1